| 000 | 00819nam a2200217Ii 4500 | ||
|---|---|---|---|
| 003 | JO-AjNU | ||
| 008 | 230605s9999||||xx |||||||||||||| ||und|| | ||
| 017 | _a144/2/1989 | ||
| 040 |
_aJO-AjNU _bara _erda _cJO-AjNU |
||
| 041 | _aara | ||
| 050 | 1 | 4 | _aLB17.U86 2008 |
| 100 | 3 |
_aتاليف هندي، صالح ذياب واخرون، م.مشا رك هشام عامر عليان، م.مشارك احمد عبد الرحيم العموري، م.مشارك مفيد نجيب حواشين, _eauthor _960036 |
|
| 245 | 0 | 0 | _aاسس التربية |
| 250 | _aط4 | ||
| 264 | 3 | 1 | _aعمان: دار الفكر ناشرون وموزعون، 2008 |
| 300 | _a180ص | ||
| 336 |
_atext _btxt _2rdacontent |
||
| 337 |
_aunmediated _bn _2rdamedia |
||
| 338 |
_avolume _bnc _2rdacarrier |
||
| 650 | 4 |
_aالتربية-فلسفة _960037 |
|
| 999 |
_aA27049 _c30617 _d30617 |
||